00219nam a2200085Ia 4500008004100000100002200041245004000063260002100103260000900124170617s9999 xx 000 0 und d aBANSAL- PRAIKSHIT 0aIPR HANDBOOK FOR PHARMA STU. & RES. bHYDRABAD- PHARMA c2010